| 000 | 00707cac a22002175a 4500 | ||
|---|---|---|---|
| 005 | 20201128013403.0 | ||
| 008 | 171224t2007 njua frb 001 0 eng d | ||
| 020 | _a0471794686 | ||
| 020 | _a9780471794684 | ||
| 040 |
_aEG-ScBUE _beng _cEG-ScBUE _dEG-ScBUE |
||
| 082 | 0 | 4 |
_a337 _bSAL _222 |
| 100 | 1 |
_aSalvatore, Dominick. _930296 |
|
| 245 | 1 | 0 |
_aInternational economics / _cDominick Salvatore. |
| 250 | _a9th ed. | ||
| 260 |
_aHoboken : _bJohn Wiley & Sons, _cc.2007. |
||
| 300 |
_axxvi, 838 p. : _bill. ; _c24 cm. |
||
| 504 | _aIncludes bibliographical references and indexes. | ||
| 650 | 7 |
_aInternational economic relations. _2BUEsh _93036 |
|
| 653 |
_bGGEN _bBUSECO _cDecember2017 |
||
| 942 |
_cBB _k337SAL _2ddc |
||
| 999 |
_c8700 _d8700 |
||